000 00423nam a2200145Ia 4500
005 20241217024844.0
008 240331s9999 xx 000 0 und d
082 _bWIC
_a823
100 _aWickremasinghe, M
245 4 _aThe way of the Lotus Viragaya
260 _aDehiwala
_bTisara Prakasakayo Ltd
_c1985
300 _a173 p .,
500 _a The way of the lotus Viragaya in the medium of the realistic Novel.
942 _cL
999 _c3367
_d3367